000 00792nam a2200181Ia 4500
008 090124s9999 xx 000 0 und d
082 _b113185
100 _aपाठक गंगाधर रामचंद्र (बलराम नांगरे)
245 _a निबंध आणि कल्पनाविस्तार
250 _a2
260 _c1969
300 _a240
600 _aपाठक गंगाधर रामचंद्र (बलराम नांगरे)
630 _a निबंध आणि कल्पनाविस्तार
700 _aपाठक गंगाधर रामचंद्र (बलराम नांगरे)
730 _a निबंध आणि कल्पनाविस्तार
942 _cBOOK
999 _c159276
_d159276